OKI - REKLAMACJA'47: CD1 - Statystyki

Ogólne statystyki
  • Ten quiz został rozwiązany 19 razy
  • Średni wynik to 4 z 4
Statystyki odpowiedzi
REKLAMACJA'47: CD1 % Poprawnych
shoota!!!
100%
my love
94%
nobodylovesu
88%
ile byś dał?
81%
Nie znaleziono quizów pasujących do podanych kryteriów
Rozkład punktacji
Procent ludzi z każdym wynikiem
Percentyl według liczby udzielonych odpowiedzi
Twoja historia wyników
Nie rozwiązałeś tego quizu